[Event "Villa Diamante op"]
[Site "Villa Diamante"]
[Date "2015.08.17"]
[Round "6"]
[White "Palma, Angel Milciades"]
[Black "Palladino, Alberto"]
[Result "1-0"]
[WhiteElo "1730"]
[BlackElo "1832"]
[PlyCount "87"]
[EventDate "2015.08.14"]
[EventType "swiss"]
[EventRounds "7"]
[EventCountry "ARG"]
[SourceTitle "EXT 2016"]
[Source "ChessBase"]
[SourceDate "2015.10.08"]
[SourceVersion "1"]
[SourceVersionDate "2015.10.08"]
[SourceQuality "1"]

1. e4 c5 2. Nf3 d6 3. d4 cxd4 4. Nxd4 Nc6 5. Be3 Nf6 6. Nc3 g6 7. Be2 Bg7 8. Qd2 0-0 9. 0-0-0 Nxd4 10. Bxd4 Be6 11. Kb1 Qa5 12. f3 Rac8 13. Nd5 Qxd2 14. Nxe7+ Kh8 15. Rxd2 Rc7 16. Bxf6 Bxf6 17. Nd5 Bxd5 18. Rxd5 Rc6 19. c4 a6 20. Rhd1 Be7 21. g4 Rfc8 22. b3 Kg7 23. f4 f6 24. a4 Kf7 25. Bf3 Ke6 26. h3 Rf8 27. f5+ Kd7 28. e5 fxe5 29. Rxe5 Rb6 30. Re3 gxf5 31. gxf5 Bg5 32. Red3 a5 33. c5 Rb4 34. Rxd6+ Kc7 35. Rd7+ Kc8 36. R7d3 Kc7 37. Bg4 Rf7 38. Ka2 Re4 39. Rd4 Re5 40. Rd5 Re3 41. f6 Rxf6 42. Rxg5 Rf2+ 43. Ka3 Rc3 44. Rg7+ 1-0